000 00717nam a2200253Ia 4500
003 OSt
005 20220924122606.0
006 a|||||r|||| 00| 0
007 ta
008 220923b |||||||| |||| 00| 0 pur d
020 _c2.8
024 _a310135
037 _cTextual
040 _aARTS
_cARTS
_bpur
041 _2pur
_apur
082 _aO164v75,L8, 168B7:L9
100 _aAzad Mohammad Hussain Au.
_9181394
245 0 _aSukhandan-e-faras
260 _aLuckhnow
_bUttar Perdesh Urdu academy India
_c1887
300 _a317p.
_ccm.
650 _aPERSIAN LITERATURE
_9309
942 _hO164v75,L8, 168B7:L9
_cTEXL
_2CC
999 _c412290
_d412290